000 00474cam a2200145 4500
008 140902n 000 0 eng u
035 _a(Sirsi) a184759
050 _aHUM 2014.09
100 _aChristensen, C.
245 _aExploring ways in which refugees use their human agency in refugee camps
260 _acairo: American university, 2006
300 _a20p
500 _aits a research paper for 'special issues in forced migration'
504 _aincludes bibliography
999 _c24011
_d24011